00456 2200181 4500001002100000005001500021008004100036020001800077035001900095041000700114082001000121090001600131100002000147245002500167260004300192300001800235650002100253INLIS00000000001715120241224115246241224||||||||| | ||| |||| || |  a979-24-5622-8 0010-1224017151 aid0 a664.8 a664.8 IRW m0 aIrwan Kurniawan00aMENGENAL BUAH-BUAHAN aBandungbYayasan Nuansa Cendekiac2006 a51hlm;14x21cm 0aTanaman dan Buah